[Event "FRA-chT U20 0304"]
[Site "France"]
[Date "2004.04.30"]
[Round "8"]
[White "Pedoussaut, Marlon"]
[Black "Ane, Cedric"]
[Result "0-1"]
[WhiteElo "1300"]
[BlackElo "1009"]
[PlyCount "72"]
[EventDate "2003.11.??"]
[EventType "team"]
[EventRounds "11"]
[EventCountry "FRA"]
[SourceTitle "EXT 2005"]
[Source "ChessBase"]
[SourceDate "2004.11.15"]
[SourceVersion "1"]
[SourceVersionDate "2004.11.15"]
[SourceQuality "1"]
[WhiteTeam "Toulouse"]
[BlackTeam "Clichy"]
[WhiteTeamCountry "FRA"]
[BlackTeamCountry "FRA"]

1. e4 c5 2. Bc4 Nc6 3. Nf3 g6 4. Ng5 e6 5. Nc3 Qxg5 6. d3 Qxg2 7. Rf1 Qxh2 8. Nb5 a6 9. Nc7+ Qxc7 10. Be3 b6 11. Qd2 b5 12. Bb3 Qa5 13. 0-0-0 Qxd2+ 14. Bxd2 Nge7 15. Bc3 Nd4 16. Kb1 Bg7 17. a4 0-0 18. Bd2 Nxb3 19. cxb3 d5 20. Bg5 Nc6 21. Rc1 dxe4 22. dxe4 Nd4 23. Ka2 bxa4 24. bxa4 Nf3 25. Be7 Re8 26. Bxc5 Rb8 27. Rc3 Bxc3 28. bxc3 Bd7 29. Ka3 Bc6 30. Rd1 Red8 31. Rh1 Bxe4 32. c4 Nd2 33. Rc1 Rb3+ 34. Ka2 Rdb8 35. Ba3 Bb1+ 36. Ka1 Rxa3# 0-1

[Event "FRA-chT U20 0304"]
[Site "France"]
[Date "2004.01.04"]
[Round "7"]
[White "Pedoussaut, Marlon"]
[Black "Treand, Victor"]
[Result "0-1"]
[WhiteElo "1300"]
[BlackElo "1070"]
[PlyCount "110"]
[EventDate "2003.11.??"]
[EventType "team"]
[EventRounds "11"]
[EventCountry "FRA"]
[SourceTitle "EXT 2005"]
[Source "ChessBase"]
[SourceDate "2004.11.15"]
[SourceVersion "1"]
[SourceVersionDate "2004.11.15"]
[SourceQuality "1"]
[WhiteTeam "Toulouse"]
[BlackTeam "Nancy"]
[WhiteTeamCountry "FRA"]
[BlackTeamCountry "FRA"]

1. e4 c5 2. Nc3 Nc6 3. Nf3 g6 4. g3 Bg7 5. Bg2 e6 6. d3 Nge7 7. 0-0 0-0 8. Bf4 d5 9. exd5 exd5 10. Re1 Bg4 11. a3 Re8 12. h3 Bxf3 13. Qxf3 Nd4 14. Qd1 Nec6 15. Rxe8+ Qxe8 16. Nxd5 Qd7 17. Qg4 Qxg4 18. hxg4 Nxc2 19. Rc1 N2d4 20. Rxc5 Ne2+ 21. Kf1 Nxf4 22. gxf4 Bxb2 23. a4 Nd4 24. Nf6+ Kf8 25. Bxb7 Rb8 26. Be4 Ne6 27. Nd7+ Ke7 28. Nxb8 Nxc5 29. Nc6+ Kf6 30. a5 a6 31. f3 Bc1 32. d4 Nb3 33. f5 Bd2 34. d5 Nxa5 35. Bd3 gxf5 36. gxf5 Nxc6 37. dxc6 Ba5 38. Bxa6 Kxf5 39. Ke2 Kf4 40. Kf2 h5 41. Bf1 h4 42. Ke2 Bb6 43. Bg2 Kg3 44. Bf1 h3 45. f4 h2 46. Kd2 h1Q 47. Bc4 Qxc6 48. Bxf7 Qf6 49. Bc4 Qxf4+ 50. Kc2 Qxc4+ 51. Kb2 Qd3 52. Kc1 Qe2 53. Kb1 Be3 54. Ka1 Bd4+ 55. Kb1 Qb2# 0-1